00420nam a2200157Ia 4500008004100000020001800041082001800059100002200077245004000099250000800139260004200147300001300189500002400202650001500226700002100241230524s9999 xx 000 0 und d a9788126515899 a658.1015bSCH aRandall S.Schuler 0aStrategic Human Resource Management a2ND aNEW DELHIbBlackwell Publishingc2007 aVIII;436 aQuantity Number: 5 aManagement a Susan E.Jackson